| 000 | 00773nam a2200265 a 4500 | ||
|---|---|---|---|
| 001 | 2071 | ||
| 003 | BD-RjUL | ||
| 005 | 20211208233457.0 | ||
| 008 | 150517s1966 maua 000 0 eng | ||
| 020 | _a0201018705 | ||
| 035 | _a(BD-RjUL) | ||
| 035 | _a(OCoLC)336525 | ||
| 040 |
_aDLC _cOMC _dOCoLC _dMWMU _dUk _dDLC _dBD-RjUL _beng |
||
| 041 | _aeng | ||
| 082 |
_a539.7 _bENI 1966 |
||
| 100 | 1 |
_aEnge, Harald A. _9116736 |
|
| 245 | 1 | 0 |
_aIntroduction to nuclear physics / _cHarald A. Enge. |
| 260 |
_aReading, Mass. : _bAddison-Wesley Pub. Co., _cc1966 |
||
| 300 |
_ax, 582 p. : _billus. ; _c24 cm. |
||
| 650 | 0 |
_aNuclear physics. _9116600 |
|
| 942 |
_2ddc _cBK |
||
| 999 |
_c2071 _d2071 |
||